10 Europäische Länder, 10 Fakten #1 - Statistiken

Allgemein
  • Dieses Quiz wurde 165 mal gespielt
  • Das Durchschnittsergebnis liegt bei 6 aus 10
Antwortstatistiken
Hint Antwort % Korrekt
Ich bin das Land, das weltweit die meisten Touristen anzieht. Ich bin... Frankreich🇫🇷
92%
Ich bin das Land, aus dem 🍟 und 🧇 kommen. Ich bin... Belgien🇧🇪
91%
Ich bin das Land, das Mitglied der EU ist, obwohl ich laut Jetpunk in Asien liege. Ich bin... Zypern🇨🇾
90%
Ich bin das Land, das die längste Küste in Europa hat. Ich bin... Norwegen🇳🇴
79%
Ich bin das friedlichste Land der Welt. Ich bin... Island🇮🇸
64%
Ich bin das Land, das weltweit die meisten Inseln besitzt. Ich bin... Schweden🇸🇪
61%
Ich bin das Land mit höchsten Durchschnittsalter und -BIP pro Kopf. Ich bin... Monaco🇲🇨
60%
Ich bin das Land, das 2026 den Euro als Währung einführt. Ich bin... Bulgarien🇧🇬
50%
Ich bin das Land, dessen Fläche um nur 0,002km² größer ist als Sizilien. Ich bin... Nordmazedonien🇲🇰
34%
Ich bin das Land, das den höchsten IQ in Europa hat. Ich bin... Belarus🇧🇾
14%
Keine übereinstimmenden Quizze gefunden
Verteilung der Resultate
Anzahl Personen mit jedem Resultat
Perzentil nach korrekt beantworteten Fragen
Ihre Resultats-Entwicklung
Sie haben dieses Quiz noch nicht gespielt